000
00249nam a22001097a 4500
999
_c
260752
_d
260751
020
_a
978067988311
100
_a
Barbara Park
245
_a
Junie B. Jones is a Beauty shop Guy
260
_a
New York
_b
Random House
300
_a
67 pgs.
942
_c
BK